000 00669nam a2200277Ia 4500
005 20260324141424.0
008 008 260324s9999 xx 000 0 eng d
020 _a9781315862453
037 _aEBOOK
040 _aCRL
040 _beng
040 _cCRL
041 _2eng
041 _aeng
084 _qCRL
100 _aJeanne M Boydston; James W Williams
_91208123
245 0 _aSerials Cataloging at the Turn of the Century
260 _bTaylor and Francis
260 _c1997
365 _a
365 _b145
856 _uhttp://www.taylorfrancis.com/books/9781315862453
942 _cEBOOK
999 _c1811209
_d1811209